[Event "Hohenems-Absam"]
[Site "Absam"]
[Date "2004.12.05"]
[Round "5"]
[White "Gärtner, Guntram"]
[Black "Schmittdiel, Ekkehard"]
[Result "1/2-1/2"]
[WhiteElo "2336"]
[BlackElo "2449"]
[PlyCount "144"]
[EventDate "2004.??.??"]

{192MB, Power.ctg} 1. d4 e6 2. Nf3 f5 3. c4 Nf6 4. Nc3 b6 5. g3 Bb7 6. Bg2 Bb4
7. Qb3 Nc6 8. d5 Bxc3+ 9. Qxc3 Ne7 10. dxe6 d6 11. O-O Qc8 12. b3 O-O 13. Bb2
Rb8 14. Qe3 h6 15. Rad1 a6 16. Bh3 Ne4 17. Qd4 Rf6 18. Qd3 Rxe6 19. Nd4 Rf6 20.
f3 Ng5 21. Bg2 f4 22. e4 fxe3 23. Qxe3 Rf7 24. h4 Nh7 25. Kh2 c5 26. Ne2 Nf5
27. Qd3 b5 28. Bc1 bxc4 29. bxc4 Qc6 30. Nf4 Nf8 31. Nd5 Qa4 32. Nc3 Qa5 33.
Rf2 Re8 34. Re2 Rxe2 35. Nxe2 Qxa2 36. Bd2 Ng6 37. Bc3 Ne5 38. Bxe5 dxe5 39.
Rd2 Qa5 40. Bh3 e4 41. Qd8+ Qxd8 42. Rxd8+ Kh7 43. Rd7 Rxd7 44. Bxf5+ g6 45.
Bxd7 exf3 46. Nc3 f2 47. Bh3 h5 48. Na4 a5 49. Nxc5 Bc6 50. Bf1 g5 51. hxg5 Kg6
52. Nd3 Kxg5 53. Nxf2 a4 54. c5 Bd5 55. Nd3 a3 56. Nb4 h4 57. gxh4+ Kxh4 58.
Bb5 Bb3 59. Bd7 a2 60. Nxa2 Bxa2 61. c6 Bd5 62. c7 Bb7 63. Bh3 Ba6 64. Bd7 Bb7
65. Bc6 Ba6 66. Bb5 Bb7 67. Bd7 Kg5 68. Kg3 Kf6 69. Bc6 Bc8 70. Kf4 Ke6 71. Be4
Kd6 72. Bf5 Kxc7 1/2-1/2

[Event "Innsbrucker SK-Götzis"]
[Site "Absam"]
[Date "2004.12.05"]
[Round "5"]
[White "Dür, Werner"]
[Black "Schmidlechner, Alexander"]
[Result "1/2-1/2"]
[WhiteElo "2264"]
[BlackElo "2212"]
[PlyCount "166"]
[EventDate "2004.??.??"]

{192MB, Power.ctg} 1. d4 d5 2. c4 c6 3. e3 Nf6 4. Nf3 a6 5. Qc2 e6 6. Nbd2 c5
7. dxc5 Nc6 8. a3 Bxc5 9. b4 Be7 10. Bb2 Bd7 11. cxd5 exd5 12. Rc1 Rc8 13. Qb1
h6 14. Be2 O-O 15. O-O Be6 16. Nb3 Ne4 17. Qa1 Bf6 18. Bxf6 Qxf6 19. Qxf6 Nxf6
20. Nc5 Nd8 21. Nd4 Ra8 22. Bd3 Re8 23. Rc2 Kf8 24. Rfc1 a5 25. Bb5 axb4 26.
Bxe8 b3 27. Ncxb3 Kxe8 28. Nb5 Ke7 29. Rc7+ Bd7 30. N3d4 g6 31. f3 Ra5 32. Rb1
Ne8 33. Rc3 Bc6 34. Rcb3 Nf6 35. Kf2 Nd7 36. Rc3 Ne5 37. Nxc6+ bxc6 38. Nd4 Nc4
39. Nc2 Kd6 40. Rd1 Nb2 41. Rd2 Na4 42. Rb3 c5 43. e4 d4 44. Ne3 Kc7 45. Nc4
Ra7 46. Rc2 Nc6 47. Rb5 Nd8 48. Nb2 Ne6 49. Nxa4 Rxa4 50. Rcxc5+ Nxc5 51. Rxc5+
Kd6 52. Rd5+ Ke6 53. g4 Ke7 54. h4 Ke6 55. g5 hxg5 56. hxg5 Ke7 57. Kg3 Ke6 58.
Kf4 Ke7 59. e5 d3+ 60. Ke3 d2 61. Rxd2 Rxa3+ 62. Ke4 Ra4+ 63. Rd4 Ra1 64. f4
Re1+ 65. Kf3 Rf1+ 66. Kg2 Ra1 67. Rd6 Ra3 68. Rf6 Re3 69. Kf2 Re4 70. Kf3 Re1
71. Ra6 Rf1+ 72. Ke3 Re1+ 73. Kf2 Re4 74. Rf6 Ke8 75. Kf3 Re1 76. e6 Rxe6 77.
Rxe6+ fxe6 78. Ke4 Kd7 79. Kd3 Kc7 80. Kc3 Kd7 81. Kc4 Kc6 82. Kd4 Kd6 83. Ke4
Kd7 1/2-1/2

[Event "2. Bundesliga West 2004/2005 (6)"]
[Site "?"]
[Date "2005.01.21"]
[Round "?"]
[White "Sandner, Guenter"]
[Black "Blaskowski, Johannes"]
[Result "1-0"]
[WhiteElo "2327"]
[BlackElo "2385"]
[PlyCount "67"]
[EventDate "2005.01.21"]

1. Nf3 Nf6 2. d4 e6 3. c4 c5 4. d5 exd5 5. cxd5 d6 6. e4 g6 7. h3 Bg7 8. Bd3
O-O 9. O-O b6 10. Nc3 Ba6 11. Bf4 Bxd3 12. Qxd3 a6 13. Rfe1 b5 14. a4 b4 15.
Nd1 Re8 16. Ra2 Qe7 17. b3 Nbd7 18. Rae2 Nh5 19. Bh2 Ne5 20. Nxe5 Bxe5 21. Bxe5
Qxe5 22. g3 g5 23. Nb2 f6 24. Nc4 Qe7 25. Qf3 Ng7 26. g4 Rf8 27. Qg3 Rad8 28.
h4 h6 29. f4 Qd7 30. hxg5 hxg5 31. Rh2 Kf7 32. fxg5 fxg5 33. e5 Kg8 34. e6 1-0

[Event "2. Bundesliga West 2004/2005 (6)"]
[Site "?"]
[Date "2005.01.21"]
[Round "?"]
[White "Astl, Peter"]
[Black "Rudolph, Johannes"]
[Result "0-1"]
[WhiteElo "2233"]
[BlackElo "2305"]
[PlyCount "68"]
[EventDate "2005.01.21"]

1. Nf3 d5 2. d4 Nf6 3. c4 c6 4. Nc3 dxc4 5. a4 Bf5 6. Nh4 Bd7 7. e3 b5 8. Nf3
e6 9. axb5 cxb5 10. Ne5 Qb6 11. b3 cxb3 12. Nxd7 Nbxd7 13. Bxb5 Bb4 14. Bd2
Bxc3 15. Bxd7+ Kxd7 16. Bxc3 Rhc8 17. Bd2 a5 18. O-O a4 19. Rb1 Qc6 20. Rc1 Qb5
21. Rc5 Rxc5 22. dxc5 Ke8 23. Qf3 Ra6 24. Bc3 b2 25. Qd1 a3 26. Qb1 Qb3 27. Bd4
Ke7 28. h3 g6 29. g4 Nd5 30. g5 Ra4 31. Qe4 a2 32. Bf6+ Nxf6 33. gxf6+ Kxf6 34.
Qf3+ Kg7 0-1

[Event "2. Bundesliga West 2004/2005 (6)"]
[Site "?"]
[Date "2005.01.21"]
[Round "?"]
[White "Egartner, Wolfgang"]
[Black "Eybl, Alexander"]
[Result "1/2-1/2"]
[WhiteElo "2128"]
[BlackElo "2259"]
[PlyCount "37"]
[EventDate "2005.01.21"]

1. d4 Nf6 2. Nf3 e6 3. g3 c5 4. Bg2 Nc6 5. O-O d5 6. c4 Be7 7. Nc3 O-O 8. cxd5
exd5 9. Bg5 cxd4 10. Nxd4 h6 11. Bxf6 Bxf6 12. Nxc6 bxc6 13. Rc1 Bf5 14. e4
dxe4 15. Bxe4 Bxe4 16. Nxe4 Bxb2 17. Rxc6 Re8 18. Qc2 Be5 19. Rd1 1/2-1/2

[Event "2. Bundesliga West 2004/2005 (6)"]
[Site "?"]
[Date "2005.01.21"]
[Round "?"]
[White "Neuschmied, Siegfried"]
[Black "Jenul, Reinhold"]
[Result "0-1"]
[WhiteElo "2218"]
[BlackElo "2119"]
[PlyCount "80"]
[EventDate "2005.01.21"]

1. e4 e5 2. Nf3 Nc6 3. Bc4 Be7 4. d4 d6 5. h3 Nf6 6. Nc3 O-O 7. d5 Nb8 8. Be3
c6 9. dxc6 bxc6 10. O-O Qc7 11. Qd3 Nbd7 12. b4 Nb6 13. Bb3 a5 14. bxa5 Rxa5
15. Rfb1 Nbd7 16. Bc4 Ra3 17. Rb3 Ra5 18. Nd2 Nc5 19. Bxc5 Rxc5 20. a4 Nh5 21.
Rb2 Nf4 22. Qf1 d5 23. exd5 cxd5 24. Nb5 Qc6 25. Na7 Qg6 26. Nxc8 Rcxc8 27. Bd3
Nxh3+ 28. Kh2 Qh6 29. gxh3 Qxd2 30. Raa2 e4 31. Be2 Bd6+ 32. Kh1 Be5 33. Rb5
Rc6 34. a5 Qf4 35. Qg1 Rg6 36. Bg4 h5 37. a6 hxg4 38. a7 gxh3 39. a8=Q Rxg1+
40. Kxg1 Qc1# 0-1

[Event "2. Bundesliga West 2004/2005 (6)"]
[Site "?"]
[Date "2005.01.21"]
[Round "?"]
[White "Hosp, Reinhard"]
[Black "Mittelberger, Peter"]
[Result "1-0"]
[WhiteElo "2146"]
[BlackElo "2257"]
[PlyCount "75"]
[EventDate "2005.01.21"]

1. e4 d6 2. c4 Nf6 3. Nc3 g6 4. d4 Bg7 5. Be2 c6 6. Be3 O-O 7. h3 a6 8. Nf3 b5
9. a3 bxc4 10. Bxc4 a5 11. O-O Ba6 12. b3 Nbd7 13. Rc1 Nb6 14. Ne2 Nxc4 15.
bxc4 Nd7 16. Qc2 Nb6 17. Qa2 Rb8 18. Rc2 Na4 19. Rfc1 Qc7 20. Nf4 Rb7 21. c5
dxc5 22. Rxc5 Nxc5 23. Rxc5 Rb5 24. Qc2 Rxc5 25. Qxc5 Rc8 26. a4 e6 27. Bd2 Ra8
28. d5 Bf8 29. Qc1 exd5 30. Nxd5 Qd6 31. Bf4 Qc5 32. Nf6+ Kh8 33. Qa1 Bg7 34.
Ng5 Qe7 35. Ngxh7 Qxe4 36. Bh6 Rg8 37. Bxg7+ Rxg7 38. Nxe4 1-0

[Event "2. Bundesliga West 2004/2005 (6)"]
[Site "?"]
[Date "2005.01.21"]
[Round "?"]
[White "Karrer, Georg"]
[Black "Kerber, Alfred"]
[Result "1-0"]
[WhiteElo "1927"]
[BlackElo "1924"]
[PlyCount "59"]
[EventDate "2005.01.21"]

1. e4 e5 2. Nf3 Nc6 3. Bb5 f5 4. d3 Bc5 5. Bg5 Nf6 6. Nc3 h6 7. Bxf6 Qxf6 8.
Nd5 Qd8 9. Bxc6 dxc6 10. Nc3 O-O 11. Qe2 Qf6 12. exf5 Bxf5 13. Ne4 Bxe4 14.
Qxe4 Bb6 15. O-O Rae8 16. Rae1 Qd6 17. a3 Rf4 18. Qe2 Qg6 19. Nd2 Ref8 20. Ne4
Rg4 21. g3 h5 22. Kg2 h4 23. b4 Qh5 24. h3 Rg5 25. Nxg5 Qxg5 26. Qxe5 Rf5 27.
Qe6+ Kh7 28. Qe4 Bxf2 29. g4 Bxe1 30. Rxf5 1-0

[Event "2. Bundesliga West 2004/2005 (6)"]
[Site "?"]
[Date "2005.01.21"]
[Round "?"]
[White "Dizdar, Goran"]
[Black "Heinzel, Olaf"]
[Result "1/2-1/2"]
[WhiteElo "2554"]
[BlackElo "2402"]
[PlyCount "91"]
[EventDate "2005.01.21"]

1. d4 Nf6 2. Nf3 e6 3. c4 b6 4. g3 Bb7 5. Bg2 Be7 6. O-O O-O 7. b3 d6 8. Bb2
Nbd7 9. Nc3 Ne4 10. d5 Nxc3 11. Bxc3 e5 12. Ne1 a5 13. Nd3 f5 14. e4 fxe4 15.
Bxe4 Nf6 16. Bg2 Bc8 17. Qd2 Bf5 18. f4 Ne4 19. Bxe4 Bxe4 20. fxe5 dxe5 21. Qe2
Bxd3 22. Qxd3 Bc5+ 23. Kg2 Qe7 24. Qe4 Rxf1 25. Rxf1 Bd6 26. h4 Rf8 27. Rxf8+
Qxf8 28. h5 Qf7 29. g4 g6 30. h6 Qf6 31. Bd2 Bc5 32. Qf3 Qe7 33. Qe4 Qf6 34.
Be3 Bxe3 35. Qxe3 g5 36. Qe4 Qf4 37. Qxf4 exf4 38. a3 Kf7 39. Kf3 Ke7 40. Ke4
Kd6 41. b4 axb4 42. axb4 c6 43. dxc6 Kxc6 44. Kd4 Kd6 45. Ke4 Kc6 46. Kd4
1/2-1/2

[Event "2. Bundesliga West 2004/2005 (6)"]
[Site "?"]
[Date "2005.01.21"]
[Round "?"]
[White "Bayer, Bernhard"]
[Black "Bromberger, Stefan"]
[Result "1/2-1/2"]
[WhiteElo "2300"]
[BlackElo "2464"]
[PlyCount "36"]
[EventDate "2005.01.21"]

1. e4 c5 2. Nf3 d6 3. Bb5+ Nc6 4. O-O Bd7 5. Re1 a6 6. Bf1 Nf6 7. c3 Bg4 8. h3
Bh5 9. d4 Bxf3 10. gxf3 cxd4 11. cxd4 e5 12. d5 Nd4 13. Be3 Be7 14. f4 Nd7 15.
fxe5 dxe5 16. Bxd4 exd4 17. e5 Bb4 18. Re4 O-O 1/2-1/2

[Event "2. Bundesliga West 2004/2005 (6)"]
[Site "?"]
[Date "2005.01.21"]
[Round "?"]
[White "Pilz, Dieter"]
[Black "Fuchs, Georg"]
[Result "1/2-1/2"]
[WhiteElo "2337"]
[BlackElo "2281"]
[PlyCount "42"]
[EventDate "2005.01.21"]

1. Nf3 d5 2. c4 c6 3. cxd5 cxd5 4. d4 Nc6 5. Nc3 Nf6 6. a3 g6 7. Bf4 Bg7 8. e3
O-O 9. h3 Bf5 10. Bd3 Be4 11. O-O Rc8 12. Ne5 Nh5 13. Nxc6 Rxc6 14. Bxe4 dxe4
15. Bh2 Qb6 16. Nd5 Qd8 17. Qb3 e6 18. Nc3 Rb6 19. Qa2 Qh4 20. Rad1 g5 21. b4
Rc8 1/2-1/2

[Event "2. Bundesliga West 2004/2005 (6)"]
[Site "?"]
[Date "2005.01.21"]
[Round "?"]
[White "Angerer, Helmut"]
[Black "Ferrari, Josef"]
[Result "1/2-1/2"]
[WhiteElo "2195"]
[BlackElo "2206"]
[PlyCount "82"]
[EventDate "2005.01.21"]

1. b3 d5 2. Bb2 e6 3. Nf3 Nf6 4. g3 c5 5. Bg2 Be7 6. e3 b6 7. O-O Bb7 8. d3 O-O
9. Qe2 Nc6 10. c4 Re8 11. Nc3 Qc7 12. cxd5 exd5 13. d4 Rad8 14. Rfd1 Qb8 15.
dxc5 bxc5 16. Rac1 d4 17. Na4 Nb4 18. Nxc5 Bxc5 19. Rxc5 Ba6 20. Qe1 dxe3 21.
Rxd8 exf2+ 22. Qxf2 Qxd8 23. Re5 Ng4 24. Rxe8+ Qxe8 25. Qxa7 Nxa2 26. Ne5 Nb4
27. Qd4 Nxe5 28. Qxe5 Qxe5 29. Bxe5 Nd3 30. Bd6 Bb5 31. Bd5 g6 32. Kg2 Kg7 33.
Kf3 f6 34. Ke4 f5+ 35. Kd4 Kf6 36. b4 g5 37. Bc5 h5 38. Bd6 f4 39. gxf4 Nxf4
40. Be5+ Kf5 41. Be4+ Ke6 1/2-1/2

[Event "2. Bundesliga West 2004/2005 (6)"]
[Site "?"]
[Date "2005.01.21"]
[Round "?"]
[White "Gerhold, Michael"]
[Black "Kondrak, Christof"]
[Result "1-0"]
[WhiteElo "2198"]
[BlackElo "2189"]
[PlyCount "137"]
[EventDate "2005.01.21"]

1. d4 d5 2. Nf3 e6 3. c4 c6 4. e3 Nf6 5. Bd3 Be7 6. O-O O-O 7. Nbd2 Nbd7 8. e4
dxe4 9. Nxe4 b6 10. Nc3 Re8 11. Bf4 Bb7 12. h3 Nf8 13. Bc2 Ng6 14. Bh2 a6 15.
Qe2 Bd6 16. Ne5 Bb4 17. Qe3 c5 18. Rad1 cxd4 19. Rxd4 Qe7 20. Rdd1 Rec8 21.
Bxg6 hxg6 22. Qxb6 Bxc3 23. bxc3 Be4 24. f3 Bc2 25. Rd2 Ba4 26. Qb4 Qa7+ 27.
Rd4 Be8 28. Kh1 Rab8 29. Qa3 Rb7 30. Rfd1 Nd7 31. Nxd7 Bxd7 32. Bg1 Be8 33. Rd6
Qb8 34. Qxa6 Rb2 35. Rb6 Rxb6 36. Bxb6 Kh7 37. c5 Bc6 38. a4 Bb7 39. Qc4 g5 40.
Qg4 Qe5 41. a5 Kg6 42. Qd4 Qb8 43. Qd3+ Kh6 44. Qd6 Qa8 45. Qg3 f6 46. h4 Kg6
47. hxg5 f5 48. Rd6 Bd5 49. Qf4 Qa6 50. c4 Bxc4 51. Kg1 Bb3 52. Qe3 Qc4 53. a6
Re8 54. a7 Qa4 55. Qc3 Bd5 56. c6 Qb5 57. Be3 Qb1+ 58. Kf2 Qa2+ 59. Kg3 Qe2 60.
c7 Rh8 61. Rd7 e5 62. Rxg7+ Kh5 63. Qxe5 Qe1+ 64. Kf4 Qh4+ 65. g4+ fxg4 66. Kf5
Rf8+ 67. Qf6 Rxf6+ 68. Kxf6 Be4 69. c8=Q 1-0

[Event "2. Bundesliga West 2004/2005 (6)"]
[Site "?"]
[Date "2005.01.21"]
[Round "?"]
[White "Reiter, Hannes"]
[Black "Gruber, Michael"]
[Result "1/2-1/2"]
[WhiteElo "1992"]
[BlackElo "2122"]
[PlyCount "90"]
[EventDate "2005.01.21"]

1. d4 f5 2. g3 Nf6 3. Bg2 g6 4. b3 Bg7 5. Bb2 O-O 6. Nf3 d6 7. O-O Qe8 8. c4
Na6 9. Nbd2 Rb8 10. e4 fxe4 11. Ng5 Bg4 12. Qe1 Nb4 13. h3 Bd7 14. Qe2 e3 15.
fxe3 h6 16. Nge4 c6 17. Nxf6+ Bxf6 18. Ne4 Bg7 19. Rxf8+ Qxf8 20. Rf1 Qe8 21.
a3 Na6 22. b4 Nc7 23. Nc3 e6 24. Ne4 Qe7 25. c5 Ne8 26. cxd6 Nxd6 27. Qg4 Kh7
28. Nxd6 Qxd6 29. Rf7 Rf8 30. Rxf8 Qxf8 31. Be4 Qf7 32. Qf4 Qxf4 33. exf4 Bf6
34. Kg2 Kg7 35. Kf3 Kf7 36. g4 Bc8 37. Ke3 Be7 38. Kd3 Bd6 39. Bc1 Bd7 40. Be3
a6 41. Kc4 Kg7 42. h4 Be7 43. g5 h5 44. Bc2 Bd6 45. Kd3 Kf7 1/2-1/2

[Event "2. Bundesliga West 2004/2005 (6)"]
[Site "?"]
[Date "2005.01.21"]
[Round "?"]
[White "Ivanov, Mikhail"]
[Black "Braun, Arik"]
[Result "1/2-1/2"]
[WhiteElo "2426"]
[BlackElo "2463"]
[PlyCount "23"]
[EventDate "2005.01.21"]

1. d4 d5 2. c4 c6 3. Nf3 Nf6 4. Qc2 g6 5. cxd5 cxd5 6. Bf4 Nc6 7. e3 Bg7 8. Nc3
O-O 9. Be2 Ne4 10. Rc1 Nxc3 11. Qxc3 Bg4 12. h3 1/2-1/2

[Event "2. Bundesliga West 2004/2005 (6)"]
[Site "?"]
[Date "2005.01.21"]
[Round "?"]
[White "Bezold, Michael"]
[Black "Karpatschev, Aleksandr"]
[Result "1-0"]
[WhiteElo "2532"]
[BlackElo "2461"]
[PlyCount "81"]
[EventDate "2005.01.21"]

1. c4 e5 2. e3 Nf6 3. b3 Bd6 4. Bb2 O-O 5. Nf3 e4 6. Nd4 Nc6 7. Be2 Nxd4 8.
Bxd4 Qe7 9. d3 exd3 10. Qxd3 Bb4+ 11. Bc3 Ne4 12. O-O Nxc3 13. Nxc3 c6 14. Rfd1
Re8 15. Bf3 a5 16. Na4 d6 17. a3 Bc5 18. Qc3 Bf5 19. Nxc5 dxc5 20. a4 Qc7 21.
Ra2 Rad8 22. Rad2 Rxd2 23. Rxd2 h6 24. g4 Be6 25. Kg2 Qb6 26. h3 Qb4 27. Qc2
Qb6 28. Be4 Qc7 29. Bf3 h5 30. Qe4 hxg4 31. hxg4 g5 32. Rd1 Kf8 33. Rh1 Ke7 34.
Rh7 Kd8 35. Rg7 Rh8 36. Rxg5 Qh2+ 37. Kf1 Kc8 38. Rxc5 Qd6 39. Rxa5 Rh2 40.
Ra8+ Kd7 41. Qd4 1-0

[Event "2. Bundesliga West 2004/2005 (6)"]
[Site "?"]
[Date "2005.01.21"]
[Round "?"]
[White "Lickleder, Andreas"]
[Black "Grabher, Heinz"]
[Result "1/2-1/2"]
[WhiteElo "2251"]
[BlackElo "2271"]
[PlyCount "57"]
[EventDate "2005.01.21"]

1. e4 e5 2. Nf3 Nc6 3. Bc4 Nf6 4. d3 Bc5 5. Bg5 d6 6. c3 Bb6 7. Nbd2 h6 8. Be3
O-O 9. Bxb6 axb6 10. O-O Qe7 11. Nh4 Be6 12. Qf3 Nxe4 13. Qxe4 d5 14. Bxd5 Bxd5
15. Qxd5 Qxh4 16. Nf3 Qe7 17. Rfe1 Rfd8 18. Qc4 Qd6 19. Rad1 Ra5 20. Re3 Qd5
21. Qxd5 Raxd5 22. Kf1 f5 23. Rde1 Rxd3 24. Rxd3 Rxd3 25. Nxe5 Nxe5 26. Rxe5
Rd2 27. Re2 Rd1+ 28. Re1 Rd2 29. Re2 1/2-1/2

[Event "2. Bundesliga West 2004/2005 (6)"]
[Site "?"]
[Date "2005.01.21"]
[Round "?"]
[White "Feistenauer, Fred"]
[Black "Hager, Franz"]
[Result "1/2-1/2"]
[WhiteElo "2285"]
[BlackElo "2224"]
[PlyCount "48"]
[EventDate "2005.01.21"]

1. c4 g6 2. g3 Bg7 3. Bg2 e5 4. Nc3 f5 5. d3 Nc6 6. e4 d6 7. Nge2 Nf6 8. O-O
O-O 9. Nd5 Nxd5 10. cxd5 Ne7 11. f4 c6 12. dxc6 Qb6+ 13. Kh1 Nxc6 14. Nc3 Be6
15. exf5 Bxf5 16. Nd5 Qd4 17. g4 Bxd3 18. Be3 Bxf1 19. Bxd4 Bxg2+ 20. Kxg2 Nxd4
21. f5 Rf7 22. Rc1 gxf5 23. gxf5 Nxf5 24. Qa4 Raf8 1/2-1/2

[Event "2. Bundesliga West 2004/2005 (6)"]
[Site "?"]
[Date "2005.01.21"]
[Round "?"]
[White "Endthaler, Arnold"]
[Black "Atlas, Dmitry"]
[Result "1/2-1/2"]
[WhiteElo "2088"]
[BlackElo "2297"]
[PlyCount "96"]
[EventDate "2005.01.21"]

1. e4 e6 2. d4 d5 3. Nc3 Bb4 4. Nge2 dxe4 5. a3 Be7 6. Nxe4 Nd7 7. Be3 Ngf6 8.
N2c3 O-O 9. Bd3 e5 10. Qf3 exd4 11. Bxd4 c5 12. Bxf6 Nxf6 13. O-O Be6 14. Rad1
Qc7 15. Rfe1 Rad8 16. h3 c4 17. Nxf6+ Bxf6 18. Be4 b6 19. Qe3 a6 20. Qf3 b5 21.
Rb1 Qc5 22. Ne2 Rd2 23. c3 Bd5 24. Bxd5 Qxd5 25. Qxd5 Rxd5 26. Rbd1 Rdd8 27.
Kf1 g6 28. Nf4 Kg7 29. Nd5 Bg5 30. g3 Rd6 31. f4 Bd8 32. Ne3 Rxd1 33. Rxd1 Re8
34. Nd5 h5 35. Kf2 f5 36. Re1 Kf7 37. Rxe8 Kxe8 38. Kf3 Kd7 39. g4 fxg4+ 40.
hxg4 Kd6 41. Ne3 a5 42. f5 hxg4+ 43. Kxg4 gxf5+ 44. Kxf5 Kc5 45. Ke4 Bg5 46.
Kf3 Bf6 47. Ke4 Bh4 48. Ng2 Bg5 1/2-1/2

[Event "2. Bundesliga West 2004/2005 (6)"]
[Site "?"]
[Date "2005.01.21"]
[Round "?"]
[White "Levy, Rene"]
[Black "Huber, Wolfgang"]
[Result "1/2-1/2"]
[WhiteElo "2204"]
[BlackElo "2071"]
[PlyCount "120"]
[EventDate "2005.01.21"]

1. d4 f5 2. c4 Nf6 3. g3 g6 4. Bg2 Bg7 5. Nh3 d6 6. Nc3 O-O 7. d5 a5 8. Nf4 Na6
9. Be3 Ng4 10. Bd4 Ne5 11. b3 g5 12. Nh5 Nd3+ 13. Qxd3 Nb4 14. Qd2 Bxd4 15.
Qxg5+ Kh8 16. Qd2 Bf6 17. Nxf6 exf6 18. O-O Na6 19. Rae1 Nc5 20. f4 Qe8 21. e4
fxe4 22. Nxe4 Nxe4 23. Rxe4 Qg6 24. Re7 Rf7 25. Re8+ Kg7 26. Rfe1 b6 27. Qe2
Bg4 28. Qd2 Rxe8 29. Rxe8 Rf8 30. Re7+ Rf7 31. Re1 Kf8 32. Qe3 Bd7 33. Be4 Qh6
34. Bc2 f5 35. Qd4 Qg7 36. Qxg7+ Rxg7 37. Kf2 h6 38. a3 Re7 39. Re3 Rxe3 40.
Kxe3 Kg7 41. Kd4 Kf6 42. Bd1 Be8 43. Bf3 Bg6 44. Kc3 Be8 45. b4 axb4+ 46. Kxb4
Ke7 47. a4 Kd8 48. a5 bxa5+ 49. Kxa5 Bd7 50. h3 Ke7 51. Ka6 Kd8 52. Bd1 Bc8+
53. Ka7 Bd7 54. Kb8 Be8 55. Bc2 Bd7 56. Bd3 Bc8 57. Bb1 Ba6 58. Bd3 Bc8 59. Bb1
Ba6 60. Bd3 Bc8 1/2-1/2

[Event "2. Bundesliga West 2004/2005 (6)"]
[Site "?"]
[Date "2005.01.21"]
[Round "?"]
[White "Dobosz, Henryk"]
[Black "Ginsburg, Gennadi"]
[Result "1-0"]
[WhiteElo "2447"]
[BlackElo "2473"]
[PlyCount "69"]
[EventDate "2005.01.21"]

1. d4 d5 2. Nf3 Nf6 3. e3 g6 4. c4 c6 5. Nc3 Bg7 6. Bd3 O-O 7. O-O a6 8. Bd2 b5
9. cxd5 cxd5 10. b4 Bg4 11. a4 Nc6 12. axb5 Bxf3 13. Qxf3 Nxb4 14. Be2 a5 15.
Rfc1 e5 16. Bf1 Re8 17. Qd1 h5 18. Ne2 Ne4 19. Be1 Qb6 20. dxe5 Qxb5 21. Nd4
Qb6 22. f4 Bf8 23. Bb5 Rac8 24. Bd7 Rxc1 25. Rxc1 Bc5 26. e6 fxe6 27. Bxe6+ Kg7
28. f5 Bxd4 29. exd4 gxf5 30. Bxf5 Rf8 31. Qxh5 Rh8 32. Qg4+ Kf7 33. Bxe4 dxe4
34. Qxe4 Re8 35. Qh7+ 1-0

[Event "2. Bundesliga West 2004/2005 (6)"]
[Site "?"]
[Date "2005.01.21"]
[Round "?"]
[White "Hugentobler, Patrik"]
[Black "Eisenbeiser, Amadeus"]
[Result "0-1"]
[WhiteElo "2251"]
[BlackElo "2312"]
[PlyCount "80"]
[EventDate "2005.01.21"]

1. e4 d6 2. d4 g6 3. Nc3 Bg7 4. Bg5 h6 5. Bf4 Nd7 6. Nf3 e6 7. Qd2 a6 8. a4 b6
9. h3 Bb7 10. Bd3 Ne7 11. Ne2 e5 12. dxe5 dxe5 13. Bh2 f5 14. Nc3 f4 15. Bc4
Nc5 16. Qxd8+ Rxd8 17. Nd2 Bc8 18. f3 Be6 19. O-O-O Rxd2 20. Rxd2 Bxc4 21. Rhd1
Be6 22. Bg1 Nb7 23. b3 Kf7 24. Bf2 g5 25. Ne2 h5 26. Rh1 g4 27. hxg4 hxg4 28.
Rxh8 Bxh8 29. c4 Nc6 30. Nc3 g3 31. Bg1 Bf6 32. Nd5 Bxd5 33. cxd5 Nd4 34. Bxd4
exd4 35. Rc2 Be5 36. Rc6 Nc5 37. Kc2 a5 38. Rh6 d3+ 39. Kd2 Kg7 40. Rc6 Bd6 0-1

[Event "2. Bundesliga West 2004/2005 (6)"]
[Site "?"]
[Date "2005.01.21"]
[Round "?"]
[White "Schmidlechner, Alexander"]
[Black "Doskocil, Klaus"]
[Result "1/2-1/2"]
[WhiteElo "2236"]
[BlackElo "2223"]
[PlyCount "75"]
[EventDate "2005.01.21"]

1. d4 d6 2. c4 Nd7 3. Nc3 e5 4. Nf3 Ngf6 5. Bg5 Be7 6. e3 O-O 7. Qc2 c6 8. Bd3
h6 9. Bh4 Re8 10. Bf5 Qc7 11. O-O-O Nf8 12. dxe5 dxe5 13. Bxf6 Bxf6 14. Ne4 Be7
15. g4 Bxf5 16. gxf5 Nh7 17. Rdg1 Kh8 18. Rg2 Nf6 19. Nfd2 Qd7 20. Rhg1 Rg8 21.
Nc3 Rad8 22. Nf3 Qc7 23. h4 Bb4 24. Ne4 Nxe4 25. Qxe4 f6 26. Qc2 Qa5 27. Qb1
Rd7 28. Rg6 Rgd8 29. a3 Bf8 30. h5 Rd3 31. c5 Qb5 32. R6g4 Bxc5 33. Rxg7 Bxa3
34. R7g6 Kh7 35. Rg7+ Kh8 36. R7g6 Kh7 37. Rg7+ Kh8 38. R7g6 1/2-1/2

[Event "2. Bundesliga West 2004/2005 (6)"]
[Site "?"]
[Date "2005.01.21"]
[Round "?"]
[White "Bezler, Rainer"]
[Black "Hengl, Christian"]
[Result "0-1"]
[WhiteElo "2247"]
[BlackElo "2220"]
[PlyCount "55"]
[EventDate "2005.01.21"]

1. e4 e6 2. d4 d5 3. Nc3 Nf6 4. Bg5 Be7 5. e5 Nfd7 6. Bxe7 Qxe7 7. f4 f5 8.
exf6 Qxf6 9. g3 O-O 10. Nf3 c5 11. dxc5 Nxc5 12. Bd3 Nc6 13. Ng5 g6 14. h4 Qd4
15. Nf3 Qe3+ 16. Qe2 Nxd3+ 17. cxd3 Qxe2+ 18. Kxe2 e5 19. Nxe5 Nxe5 20. fxe5
Bg4+ 21. Ke3 d4+ 22. Kxd4 Rad8+ 23. Kc5 Rxd3 24. Rhe1 Rc8+ 25. Kb4 Be6 26. Re4
b6 27. a4 a6 28. Rd1 0-1

[Event "2. Bundesliga West 2004/2005 (6)"]
[Site "?"]
[Date "2005.01.21"]
[Round "?"]
[White "Lutzenberger, Raimund"]
[Black "Sucher, Johannes"]
[Result "0-1"]
[WhiteElo "2170"]
[BlackElo "2169"]
[PlyCount "70"]
[EventDate "2005.01.21"]

1. e4 d5 2. exd5 Nf6 3. d4 Bg4 4. Nf3 Qxd5 5. Nc3 Qd7 6. Bb5 c6 7. Be2 g6 8.
Be3 Bg7 9. Qd2 Nd5 10. Bh6 Bxf3 11. Bxg7 Bxg2 12. Bxh8 Bxh1 13. O-O-O Nxc3 14.
Qxc3 Bd5 15. Qd2 f6 16. c4 Bg8 17. Re1 Qe6 18. Bd3 Qf7 19. Qb4 b6 20. Qd6 Nd7
21. Qxc6 Rd8 22. b3 Kf8 23. Qc7 Qe8 24. Qf4 g5 25. Qe3 Qf7 26. f4 g4 27. Bf5 e6
28. Bxg4 h5 29. f5 Qh7 30. fxe6 hxg4 31. e7+ Ke8 32. exd8=Q+ Kxd8 33. Qe8+ Kc7
34. Bxf6 Qh6+ 35. Kb1 Bh7+ 0-1

[Event "2. Bundesliga West 2004/2005 (6)"]
[Site "?"]
[Date "2005.01.21"]
[Round "?"]
[White "Maier, Peter"]
[Black "Kranz, Armin"]
[Result "1-0"]
[WhiteElo "2182"]
[BlackElo "2158"]
[PlyCount "53"]
[EventDate "2005.01.21"]

1. d4 Nf6 2. c4 e6 3. Nc3 Bb4 4. a3 Bxc3+ 5. bxc3 c5 6. f3 Nc6 7. e4 d6 8. Be3
b6 9. Bd3 e5 10. Ne2 O-O 11. d5 Ne7 12. g4 Ne8 13. h4 Ng6 14. h5 Nh4 15. O-O g5
16. hxg6 fxg6 17. Ng3 g5 18. Ra2 h6 19. Rh2 Nf6 20. Nf5 Nxf5 21. gxf5 Kg7 22.
Qd2 Rg8 23. Kf2 Rf8 24. Rfh1 Ng8 25. Bxg5 hxg5 26. Rh7+ Kf6 27. R1h5 1-0

[Event "2. Bundesliga West 2004/2005 (6)"]
[Site "?"]
[Date "2005.01.21"]
[Round "?"]
[White "Kelecevic, Nedeljko"]
[Black "Teske, Henrik"]
[Result "1/2-1/2"]
[WhiteElo "2403"]
[BlackElo "2529"]
[PlyCount "34"]
[EventDate "2005.01.21"]

1. d4 Nf6 2. c4 e6 3. Nc3 Bb4 4. Qc2 O-O 5. Bg5 c5 6. dxc5 Na6 7. a3 Qa5 8.
Bxf6 gxf6 9. Rc1 Bxc3+ 10. Qxc3 Qxc3+ 11. Rxc3 Nxc5 12. Nf3 b6 13. Nd2 f5 14.
e3 Bb7 15. Be2 Rfc8 16. O-O a5 17. f3 Kf8 1/2-1/2

[Event "2. Bundesliga West 2004/2005 (6)"]
[Site "?"]
[Date "2005.01.21"]
[Round "?"]
[White "Luther, Thomas"]
[Black "Poettinger, Harald"]
[Result "1-0"]
[WhiteElo "2543"]
[BlackElo "2259"]
[PlyCount "35"]
[EventDate "2005.01.21"]

1. e4 e5 2. Nf3 d6 3. d4 exd4 4. Nxd4 Nf6 5. Nc3 Be7 6. g3 d5 7. e5 Ne4 8. Nxe4
dxe4 9. Bf4 g5 10. Be3 Qd5 11. Nb5 Qc6 12. Qd5 Qxc2 13. Nd6+ Bxd6 14. exd6 Nc6
15. Bb5 Be6 16. Qxg5 cxd6 17. Qf6 Kd7 18. Rc1 1-0